1954 1773 1485 1498 1124 1283 1662 1851 1398 1017 1492 1721 1113 1346 1867 1641 1923 1908 1704 1487 1315 1163 1093 1098 1365 1015 1443 1686 1839 1454 1184 1525 1510 1514 1838 1042 1771 1129 1219 1356 1343 1442 1107 1342 1159 1650 1892 1450 1609 1616 1966 1599 1863 1600 1957 1666 1327 1085 1235 1379 1223 1739 1205 1517 1153 1260 1790 1855 1588 1735 1411 1844 1509 1172 1356 1138 1582 1694 1066 1601 1343 1338 1721 1786 1648 1854 1921 1797 1626 1173 1521 1561 1189 1891 1465 1475 1353 1942 1006 BCNSPRNW ULIB Ver.6.0+V

เปลี่ยนเป็นภาษาไทย

Change to English
 แสดงรายละเอียดบรรณานุกรม
  กลับหน้าหลัก

Brief Record : Get Marc (ISO 2709) : E-mail record : QR code < ปิดหน้าต่าง
LEADER : 00000nam 2200000uu 4500
001    13399111855
003     ULIB
008    110627s2552||||th 000 0 tha d
020    9786115000173
090    นว.^bณ429ร 2552
100 0  ณารา
245 00 รักร้าย/^cณารา
250    พิมพ์ครั้งที่ 4
260    กรุงเทพฯ :^bพิมพ์คำ,^c2552
300    532 หน้า
945    ^p320^l0^i028057
995    ทศพร
999 ^a ใช้งานได้ทุกระบบ
รายการนี้ยังไม่มีแท็ก
คุณยังไม่ได้ล็อกอิน คุณสามารถมีกิจกรรมร่วมกับเว็บไซต์ได้ แต่ต้องล็อกอินก่อน ::
  ล็อกอิน

รายการสื่อสารสนเทศ

ลำดับที่ ประเภท เลขเรียก/บาร์โค้ด สถานที่ สถานะ
- ไม่พบข้อมูล -

รายการใกล้เคียง
    ผู้แต่ง [ณารา]

BibComment


ยังไม่เคยถูกคอมเมนท์

คอมเมนท์ทรัพยากรรายการนี้
  คอมเมนท์: รักร้าย ณารา


 Copyright 2026. Bcnsprnw @Library